Datum a čas kvízu
35.5
Celkem bodů
Celkový počet nahraných bodů na tomto kvízu bez doplňovacích otázek.
2.
Pořadí na kvízu
Konečné umístění týmu na tomto kvízu.
Zaznamenané odpovědi
| # | Otázka | Odpověď | Body | Výsledky |
|---|---|---|---|---|
| 1. | Městský soud v Praze vyhlásil... | Firo-tour | 1 | |
| 2. | Jistá arabská země minulý týde... | Spojené arabské emiráty | 1 | |
| 3. | Jak se jmenuje slavný britský... | Sean Connery | 1 | |
| 4. | Česká vláda v pondělí schválil... | 1 rok | 0 | |
| 5. | Slavná tenisová dvojčata Mike... | Bryanovi | 1 | |
| 6. | V tomto tématu se podíváme na... | (druhá) punská válka | 1 | |
| 7. | V roce 1792 u Valmy porazila f... | Prusko | 1 | |
| 8. | Jak se jmenoval americký gener... | (Robert Edward) Lee | 1 | |
| 9. | Německo poprvé ve velkém měřít... | Ypry / Ypres | 1 | |
| 10. | Kniha Černý jestřáb sestřelen... | v Somálsku | 1 |